|
|
|
|
| LEADER |
00000nam a2200000 a 4500 |
| 001 |
vtls001424268 |
| 003 |
SK-MaSNL |
| 005 |
20260301012947.0 |
| 008 |
240318s1967 xo 0 und |
| 035 |
|
|
|a SNK000379148
|
| 040 |
|
|
|a SNK
|b slo
|c SNK
|e AACR2
|
| 044 |
|
|
|a xo
|c SK
|
| 100 |
1 |
|
|a Dostojevskij, Fiodor Michajlovič,
|d 1821-1881
|4 aut
|9 53880
|
| 245 |
1 |
0 |
|a Netočka Nezvanovová
|
| 260 |
|
|
|a Bratislava
|b Mladé letá
|c 1967
|
| 300 |
|
|
|a 238 s.
|
| 958 |
|
|
|a OND
|
| 999 |
|
|
|c 554813
|d 556743
|
| 952 |
|
|
|a SNK
|b SNK
|y PREZ
|7 0
|p 17A0321468
|o snkSD 32243 D1
|i snkKSP 6810/67
|0 0
|1 0
|4 0
|d 2001-11-14
|l 0
|r 2005-01-02 00:00:00
|w 2026-02-23
|
| 952 |
|
|
|a SNK
|b SNK
|y PREZ
|7 0
|p 17A0848964
|o snkSD 32243
|0 0
|1 0
|4 0
|d 2013-08-08
|l 0
|r 2026-02-23 13:21:49
|w 2026-02-23
|